[Event "SVK-chT1E 1415"]
[Site "Slovakia"]
[Date "2015.03.15"]
[Round "11.6"]
[White "Koval, Anton"]
[Black "Okos, Alexander"]
[Result "1/2-1/2"]
[WhiteElo "2170"]
[BlackElo "2083"]
[PlyCount "84"]
[EventDate "2014.10.18"]
[EventType "team-tourn"]
[EventRounds "11"]
[EventCountry "SVK"]
[SourceTitle "EXT 2016"]
[Source "ChessBase"]
[SourceDate "2015.10.08"]
[SourceVersion "1"]
[SourceVersionDate "2015.10.08"]
[SourceQuality "1"]
[WhiteTeam "Bardejov"]
[BlackTeam "Jelsava"]
[WhiteTeamCountry "SVK"]
[BlackTeamCountry "SVK"]

1. e4 d6 2. d4 Nf6 3. Nc3 e5 4. Nf3 Nbd7 5. Bc4 Be7 6. 0-0 c6 7. Bb3 b5 8. a3 a6 9. Qe2 0-0 10. h3 Bb7 11. dxe5 Nxe5 12. Nd4 c5 13. Nf5 c4 14. Ba2 Bc8 15. Ng3 Qc7 16. Be3 Re8 17. Rad1 h6 18. Nh5 Bb7 19. Bd4 Ned7 20. b3 d5 21. exd5 Bc5 22. Nxf6+ Nxf6 23. Qf3 Bxd4 24. Rxd4 Qc5 25. Rfd1 Qxa3 26. bxc4 b4 27. Bb3 bxc3 28. Qxc3 Qc5 29. Qd3 Bc8 30. c3 Bd7 31. Rf4 Qd6 32. Qd4 Rec8 33. Re1 a5 34. Ba2 Rab8 35. Re2 a4 36. Rf3 a3 37. Qd3 Rb2 38. Rxb2 axb2 39. Bb1 Re8 40. Re3 Re5 41. Qd4 Rxe3 42. Qxe3 Ba4 1/2-1/2

[Event "SVK-chT1E 1415"]
[Site "Slovakia"]
[Date "2015.03.14"]
[Round "10.6"]
[White "Okos, Alexander"]
[Black "Mrva, Vladimir"]
[Result "1/2-1/2"]
[WhiteElo "2083"]
[BlackElo "2142"]
[PlyCount "88"]
[EventDate "2014.10.18"]
[EventType "team-tourn"]
[EventRounds "11"]
[EventCountry "SVK"]
[SourceTitle "EXT 2016"]
[Source "ChessBase"]
[SourceDate "2015.10.08"]
[SourceVersion "1"]
[SourceVersionDate "2015.10.08"]
[SourceQuality "1"]
[WhiteTeam "Jelsava"]
[BlackTeam "Sabinov"]
[WhiteTeamCountry "SVK"]
[BlackTeamCountry "SVK"]

1. e4 Nc6 2. f4 e5 3. Nf3 exf4 4. d4 d5 5. exd5 Qxd5 6. Nc3 Bb4 7. Bd2 Bxc3 8. Bxc3 Nf6 9. Qe2+ Be6 10. b3 0-0-0 11. 0-0-0 Rhe8 12. Bb2 Qa5 13. Qb5 Qxa2 14. Bc4 Bxc4 15. Qxc4 Nd5 16. Qd3 g6 17. Rhe1 Qa5 18. Ne5 Nxe5 19. Rxe5 f6 20. Rxe8 Rxe8 21. Qh3+ f5 22. Qxh7 Qb6 23. Qf7 Qe6 24. Qxe6+ Rxe6 25. c4 Nb4 26. Ba3 a5 27. Bxb4 axb4 28. c5 Re3 29. Kc2 Re2+ 30. Rd2 Rxd2+ 31. Kxd2 c6 32. h4 Kd7 33. Ke2 Ke6 34. Kf3 Kd5 35. Kxf4 Kxd4 36. Kg5 Kc3 37. Kxg6 Kxb3 38. h5 Kc2 39. h6 b3 40. h7 b2 41. h8Q b1Q 42. Qf8 b5 43. cxb6 Qxb6 44. Qxf5+ Kb2 1/2-1/2

[Event "SVK-chT2C 1112"]
[Site "Slovakia"]
[Date "2012.01.28"]
[Round "8.4"]
[White "Tatarka, Juraj"]
[Black "Okos, Alexander"]
[Result "1/2-1/2"]
[WhiteElo "1766"]
[BlackElo "2085"]
[PlyCount "25"]
[EventDate "2011.10.08"]
[EventType "team-tourn"]
[EventRounds "11"]
[EventCountry "SVK"]
[SourceTitle "EXT 2013"]
[Source "ChessBase"]
[SourceDate "2012.11.22"]
[SourceVersion "1"]
[SourceVersionDate "2012.11.22"]
[SourceQuality "1"]
[WhiteTeam "Cadca II"]
[BlackTeam "Jelsava"]
[WhiteTeamCountry "SVK"]
[BlackTeamCountry "SVK"]

1. e4 c5 2. Nf3 d6 3. d4 cxd4 4. Nxd4 Nf6 5. Nc3 a6 6. Bd3 Nc6 7. Nxc6 bxc6 8. 0-0 e6 9. Be3 d5 10. exd5 cxd5 11. Ne2 Be7 12. c3 0-0 13. Rb1 1/2-1/2

[Event "SVK-chT2C 0607"]
[Site "Slovakia"]
[Date "2007.02.03"]
[Round "8.6"]
[White "Okos, Alexander"]
[Black "Dusik, Tomas"]
[Result "1/2-1/2"]
[WhiteElo "2094"]
[BlackElo "2185"]
[PlyCount "58"]
[EventDate "2006.10.14"]
[EventType "team-tourn"]
[EventRounds "11"]
[EventCountry "SVK"]
[SourceTitle "EXT 2019"]
[Source "ChessBase"]
[SourceDate "2018.10.10"]
[SourceVersion "1"]
[SourceVersionDate "2018.10.10"]
[SourceQuality "1"]
[WhiteTeam "Jelsava Magnezit"]
[BlackTeam "Zilina DMS"]
[WhiteTeamCountry "SVK"]
[BlackTeamCountry "SVK"]

1. e4 c5 2. Nf3 d6 3. d4 cxd4 4. Nxd4 Nf6 5. Nc3 Nc6 6. Be3 e5 7. Nb3 Be7 8. Be2 a5 9. a3 0-0 10. Qd3 a4 11. Nd2 Be6 12. Nc4 d5 13. exd5 Bxd5 14. Nb6 Ra5 15. 0-0-0 Nd4 16. f4 Qxb6 17. fxe5 Nxe2+ 18. Qxe2 Qc6 19. exf6 Bxf6 20. Nxd5 Rxd5 21. Rxd5 Qxd5 22. c3 Re8 23. Qd2 Qe4 24. Bg5 Rd8 25. Qe3 Qxg2 26. Rg1 Qc6 27. Qf4 Qd6 28. Qxf6 gxf6 29. Bh6+ Kh8 1/2-1/2

[Event "SVK-chT2C 0506"]
[Site "Slovakia"]
[Date "2006.02.12"]
[Round "9.1"]
[White "Okos, Alexander"]
[Black "Kostelny, Jozef"]
[Result "0-1"]
[WhiteElo "2126"]
[BlackElo "2178"]
[PlyCount "54"]
[EventDate "2005.10.22"]
[EventType "team-tourn"]
[EventRounds "11"]
[EventCountry "SVK"]
[SourceTitle "EXT 2009"]
[Source "ChessBase"]
[SourceDate "2008.11.26"]
[SourceVersion "1"]
[SourceVersionDate "2008.11.26"]
[SourceQuality "1"]

1. e4 c5 2. Nc3 Nc6 3. g3 g6 4. Bg2 Bg7 5. d3 d6 6. Be3 Nf6 7. f3 Bd7 8. Nge2 Rb8 9. Qd2 h5 10. h3 e5 11. Nd5 Nxd5 12. exd5 Ne7 13. Nc3 Nf5 14. Ne4 Nxe3 15. Qxe3 Qe7 16. Qg5 b5 17. g4 Qxg5 18. Nxg5 Ke7 19. 0-0 Bh6 20. h4 f6 21. Ne4 Be3+ 22. Kh2 Bf4+ 23. Kg1 hxg4 24. fxg4 Be3+ 25. Kh2 Rxh4+ 26. Kg3 Bf4+ 27. Kf2 Bxg4 0-1

[Event "SVK-chT2C 0506"]
[Site "Slovakia"]
[Date "2005.10.22"]
[Round "1.4"]
[White "Dornik, Jan"]
[Black "Okos, Alexander"]
[Result "0-1"]
[WhiteElo "1900"]
[BlackElo "2126"]
[PlyCount "99"]
[EventDate "2005.10.22"]
[EventType "team-tourn"]
[EventRounds "11"]
[EventCountry "SVK"]
[SourceTitle "EXT 2009"]
[Source "ChessBase"]
[SourceDate "2008.11.26"]
[SourceVersion "1"]
[SourceVersionDate "2008.11.26"]
[SourceQuality "1"]

1. e4 d6 2. d4 Nf6 3. Nc3 e5 4. dxe5 dxe5 5. Bd3 Nc6 6. Nge2 a6 7. Bg5 Be6 8. Ng3 Bc5 9. 0-0 h6 10. Bxf6 Qxf6 11. Nd5 Qd8 12. Ne3 h5 13. Ngf5 Kf8 14. Bc4 h4 15. Qg4 Qf6 16. Rad1 g6 17. Bxe6 fxe6 18. Rd7 gxf5 19. exf5 Rg8 20. Qc4 Bd6 21. fxe6 Qg5 22. g3 Rg7 23. Qb3 Rxd7 24. exd7 b5 25. Qd5 Rd8 26. Qxc6 Qg7 27. Nf5 Qxd7 28. Qxd7 Rxd7 29. Nxh4 Bc5 30. Ng6+ Kg7 31. Nxe5 Rd2 32. Nd3 Bb6 33. Rc1 c5 34. Kf1 c4 35. Ke1 Ba5 36. b4 cxb3 37. axb3 Rxd3+ 38. Ke2 Rd2+ 39. Ke3 Bc3 40. h4 a5 41. f4 Rd7 42. Ke2 a4 43. bxa4 bxa4 44. Rb1 a3 45. Rb3 a2 46. Ra3 a1Q 47. Rxa1 Bxa1 48. g4 Rc7 49. g5 Rxc2+ 50. Kf3 0-1

[Event "SVK-chT2 0304"]
[Site "Slovakia"]
[Date "2004.??.??"]
[Round "6"]
[White "Banduka, Zeljko"]
[Black "Okos, Alexander"]
[Result "1-0"]
[WhiteElo "2146"]
[BlackElo "2130"]
[PlyCount "115"]
[EventDate "2003.10.??"]
[EventType "team"]
[EventRounds "11"]
[EventCountry "SVK"]
[SourceTitle "EXT 2006"]
[Source "ChessBase"]
[SourceDate "2005.11.24"]
[SourceVersion "1"]
[SourceVersionDate "2005.11.24"]
[SourceQuality "1"]

1. d4 Nf6 2. c4 e6 3. g3 d5 4. Bg2 c6 5. Nf3 Ne4 6. 0-0 f5 7. Nbd2 Nxd2 8. Bxd2 Nd7 9. cxd5 exd5 10. Nh4 Qf6 11. Bh3 Nb6 12. Bf4 g5 13. Be5 Qf7 14. Bxh8 gxh4 15. Be5 Nc4 16. Qc1 Qh5 17. Bg2 Nxe5 18. Qe3 Be6 19. Qxe5 Kd7 20. e4 Bd6 21. Qg7+ Be7 22. exf5 Qxf5 23. Rae1 Rf8 24. Re5 Qf6 25. Qxh7 Rf7 26. Qd3 h3 27. Bh1 Bd6 28. f4 Bf5 29. Qb3 Kd8 30. Rfe1 Bxe5 31. Rxe5 Bc8 32. Qe3 Bd7 33. Bf3 Qg6 34. Bh5 Qb1+ 35. Qe1 Qxb2 36. Qf2 Qxf2+ 37. Kxf2 Rf5 38. Rxf5 Bxf5 39. g4 Bb1 40. a3 Ke7 41. g5 Bf5 42. Kg3 b5 43. Kf2 a5 44. Ke3 b4 45. axb4 axb4 46. Bd1 Kd6 47. Kd2 c5 48. dxc5+ Kxc5 49. Bc2 Bxc2 50. Kxc2 Kd6 51. Kb3 Ke6 52. Kxb4 Kf5 53. Kc5 Kxf4 54. g6 Kf3 55. g7 Kg2 56. g8Q+ Kh1 57. Kd4 Kxh2 58. Ke3 1-0

[Event "SVK-chT2 0304"]
[Site "Slovakia"]
[Date "2004.??.??"]
[Round "8"]
[White "Singliar, Anton"]
[Black "Okos, Alexander"]
[Result "1-0"]
[WhiteElo "2179"]
[BlackElo "2130"]
[PlyCount "91"]
[EventDate "2003.10.??"]
[EventType "team"]
[EventRounds "11"]
[EventCountry "SVK"]
[SourceTitle "EXT 2006"]
[Source "ChessBase"]
[SourceDate "2005.11.24"]
[SourceVersion "1"]
[SourceVersionDate "2005.11.24"]
[SourceQuality "1"]

1. d4 f5 2. Nc3 Nf6 3. Bg5 e6 4. e4 fxe4 5. Nxe4 Bb4+ 6. c3 Be7 7. Bxf6 Bxf6 8. Qh5+ g6 9. Qh6 Qe7 10. Nxf6+ Qxf6 11. Nf3 Nc6 12. Bb5 Ne7 13. 0-0 Nf5 14. Qf4 c6 15. Bd3 0-0 16. Rfe1 d6 17. Bxf5 exf5 18. Re2 Bd7 19. Rae1 Rae8 20. Rxe8 Rxe8 21. Rxe8+ Bxe8 22. g4 Bf7 23. gxf5 Qxf5 24. Qxf5 gxf5 25. Nh4 Be6 26. a3 Kf7 27. Ng2 Bd5 28. Nf4 Bf3 29. Kf1 Kf6 30. h4 Be4 31. Ke2 Bc2 32. Ke3 Be4 33. Nh5+ Kg6 34. Ng3 Bc2 35. Kf4 Bd3 36. f3 Kf6 37. Ke3 Bc2 38. Kd2 Bb1 39. Nh5+ Kg6 40. Nf4+ Kf6 41. b3 a5 42. Kc1 Be4 43. fxe4 fxe4 44. Kd2 Kf5 45. Ke3 h5 46. Nxh5 1-0

[Event "SVK-chT2E 9900"]
[Site "Slovakia"]
[Date "2000.??.??"]
[Round "?"]
[White "Bochnickova, Andrea"]
[Black "Okos, Alexander"]
[Result "1-0"]
[WhiteElo "2139"]
[BlackElo "2120"]
[PlyCount "101"]
[EventDate "1999.??.??"]
[EventType "team"]
[EventRounds "9"]
[EventCountry "SVK"]
[SourceTitle "EXT 2001"]
[Source "ChessBase"]
[SourceDate "2000.11.22"]
[SourceVersion "1"]
[SourceVersionDate "2000.11.22"]
[SourceQuality "1"]

1. e4 d6 2. d4 Nf6 3. Nc3 e5 4. Nf3 Nbd7 5. Bc4 Be7 6. h3 c6 7. a4 b6 8. 0-0 0-0 9. b4 a6 10. Qe2 Qc7 11. Be3 Bb7 12. Bb3 d5 13. exd5 e4 14. Nh4 cxd5 15. Na2 Rfc8 16. Nf5 Bf8 17. Qd2 Qc6 18. Bf4 Qe6 19. Ne3 g6 20. Nc1 a5 21. b5 Bb4 22. Qd1 Nh5 23. Ne2 Be7 24. Bh2 Bg5 25. g4 Nhf6 26. Nf4 Bxf4 27. Bxf4 Ne8 28. f3 Nd6 29. Bxd6 Qxd6 30. fxe4 Qg3+ 31. Ng2 Rc3 32. Qd2 Rxb3 33. cxb3 dxe4 34. Qe3 Qxe3+ 35. Nxe3 Rc8 36. Rac1 Nf8 37. Rxc8 Bxc8 38. Rc1 Be6 39. d5 Bd7 40. Kf2 f5 41. gxf5 gxf5 42. Rc7 f4 43. Ng4 Kf7 44. Ne5+ Ke7 45. Nxd7 Nxd7 46. Rc6 Nc5 47. Rxb6 Kd7 48. Rf6 f3 49. Ke3 Ke7 50. Rc6 Nd3 51. Re6+ 1-0

[Event "SVK-chT 9899"]
[Site "Slovakia"]
[Date "1999.??.??"]
[Round "9"]
[White "Okos, Alexander"]
[Black "Djubek, Boris"]
[Result "0-1"]
[WhiteElo "2120"]
[BlackElo "2215"]
[PlyCount "74"]
[EventDate "1998.??.??"]
[EventType "team"]
[EventRounds "11"]
[EventCountry "SVK"]
[SourceTitle "EXT 2000"]
[Source "ChessBase"]
[SourceDate "1999.11.16"]
[SourceVersion "1"]
[SourceVersionDate "1999.11.16"]
[SourceQuality "1"]

1. e4 c5 2. Nc3 d6 3. g3 Nc6 4. Bg2 g6 5. d3 Bg7 6. Be3 Nf6 7. h3 e5 8. Nge2 0-0 9. 0-0 Nd4 10. f4 Nxe2+ 11. Nxe2 exf4 12. Nxf4 Qb6 13. Rb1 Qa5 14. a3 Bd7 15. Qc1 a6 16. b4 cxb4 17. axb4 Qd8 18. c4 Rc8 19. Qd2 g5 20. Ne2 h6 21. Nd4 Nh5 22. g4 Nf4 23. Nf5 Bxf5 24. exf5 Nxg2 25. Qxg2 Re8 26. Qf2 Bf6 27. b5 d5 28. Bb6 Qd7 29. bxa6 bxa6 30. Bd4 Rc6 31. Bxf6 Rxf6 32. Qd4 Rd6 33. c5 Rc6 34. Rfe1 Rec8 35. Rb6 Rxb6 36. cxb6 Qd6 37. Re2 Qg3+ 0-1

[Event "SVK-chT 9899"]
[Site "Slovakia"]
[Date "1999.??.??"]
[Round "5"]
[White "Okos, Alexander"]
[Black "Pejko, Otomar"]
[Result "0-1"]
[WhiteElo "2120"]
[BlackElo "2185"]
[PlyCount "118"]
[EventDate "1998.??.??"]
[EventType "team"]
[EventRounds "11"]
[EventCountry "SVK"]
[SourceTitle "EXT 2000"]
[Source "ChessBase"]
[SourceDate "1999.11.16"]
[SourceVersion "1"]
[SourceVersionDate "1999.11.16"]
[SourceQuality "1"]

1. e4 Nf6 2. d3 e5 3. Nf3 Nc6 4. Be2 d5 5. Nbd2 Be7 6. c3 a5 7. Qc2 0-0 8. 0-0 Re8 9. b3 Bf8 10. a3 Bg4 11. Re1 Qd7 12. Nf1 d4 13. c4 h6 14. Ng3 g6 15. Rf1 Kh7 16. Ne1 Be6 17. f4 exf4 18. Bxf4 Ng4 19. Bxg4 Bxg4 20. h3 Be6 21. Nf3 Bg7 22. Ne2 g5 23. Bxg5 hxg5 24. Nxg5+ Kg8 25. Nf4 Qe7 26. h4 Ne5 27. Nfxe6 fxe6 28. Qe2 Bh6 29. Qf2 Bxg5 30. Qg3 Qg7 31. hxg5 Rf8 32. Qh3 Qg6 33. Qg3 Qg7 34. Qh3 Rae8 35. Rxf8+ Rxf8 36. Qxe6+ Kh8 37. Qh3+ Qh7 38. Qe6 Qg7 39. Qh3+ Qh7 40. Qe6 Nxd3 41. g6 Nf4 42. Qg4 Qxg6 43. Qh4+ Qh5 44. Qxh5+ Nxh5 45. b4 axb4 46. axb4 Ng3 47. e5 Rf5 48. Kh2 Ne2 49. g4 Rxe5 50. Ra7 d3 51. Rxb7 d2 52. Rb8+ Kg7 53. Rd8 Ng1 54. Kg2 Re2+ 55. Kg3 Kf6 56. b5 Ke5 57. Rd5+ Ke4 58. Rd8 Re3+ 59. Kf2 Nh3+ 0-1

[Event "SVK-chT 9899"]
[Site "Slovakia"]
[Date "1998.??.??"]
[Round "2"]
[White "Helbich, Jan"]
[Black "Okos, Alexander"]
[Result "1/2-1/2"]
[WhiteElo "2250"]
[BlackElo "2080"]
[PlyCount "116"]
[EventDate "1998.??.??"]
[EventType "team"]
[EventRounds "11"]
[EventCountry "SVK"]
[SourceTitle "EXT 2000"]
[Source "ChessBase"]
[SourceDate "1999.11.16"]
[SourceVersion "1"]
[SourceVersionDate "1999.11.16"]
[SourceQuality "1"]

1. e4 d6 2. d4 Nf6 3. Nc3 e5 4. Nf3 Nbd7 5. Bc4 Be7 6. 0-0 c6 7. a4 Qc7 8. Qe2 0-0 9. h3 b6 10. Rd1 a6 11. d5 c5 12. Nh4 g6 13. Bh6 Re8 14. Kh1 Qd8 15. g3 Nh5 16. Nf5 Bf8 17. Kh2 Bxh6 18. Nxh6+ Kg7 19. Qe3 Ndf6 20. Be2 Qd7 21. Ng4 Ng8 22. Kg2 Nhf6 23. Rh1 Rb8 24. Ra3 h6 25. Rb3 Nh7 26. Qd3 f5 27. Ne3 Ngf6 28. exf5 gxf5 29. Qd2 Ng5 30. Nc4 b5 31. axb5 axb5 32. Na5 b4 33. Nb1 Nge4 34. Qd1 Ra8 35. Nc4 Ra1 36. Nb6 Qb7 37. Nxc8 Rxc8 38. c4 Qf7 39. Qc2 Qg6 40. Bf3 f4 41. Bxe4 Qxe4+ 42. Qxe4 Nxe4 43. gxf4 exf4 44. Rf3 Rf8 45. h4 Kh7 46. Re1 Rxb1 47. Rxe4 Rxb2 48. Re6 Rg8+ 49. Kh2 Rg6 50. Re7+ Kg8 51. Rxf4 Rg7 52. Re8+ Kh7 53. Re6 Rc2 54. Rxd6 b3 55. Rb6 b2 56. Rff6 Rg4 57. Rxh6+ Kg7 58. Rhc6 Rxf2+ 1/2-1/2

[Event "SVK-chT 9596"]
[Site "Slovakia"]
[Date "1996.??.??"]
[Round "10"]
[White "Okos, Alexander"]
[Black "Hudoba, Ondrej"]
[Result "0-1"]
[WhiteElo "2100"]
[BlackElo "2235"]
[PlyCount "62"]
[EventDate "1995.??.??"]
[EventType "team"]
[EventRounds "13"]
[EventCountry "SVK"]
[SourceTitle "EXT 1998"]
[Source "ChessBase"]
[SourceDate "1997.11.17"]
[SourceVersion "1"]
[SourceVersionDate "1997.11.17"]
[SourceQuality "1"]

1. e4 e5 2. Nf3 Nc6 3. Bb5 a6 4. Ba4 Nf6 5. 0-0 Be7 6. Re1 b5 7. Bb3 0-0 8. a4 Bb7 9. c3 d6 10. d4 Re8 11. Nbd2 Bf8 12. Qe2 b4 13. a5 bxc3 14. bxc3 d5 15. Bxd5 Nxd5 16. exd5 Qxd5 17. c4 Qd7 18. dxe5 Bb4 19. Rd1 Nd4 20. Nxd4 Qxd4 21. Rb1 Rxe5 22. Qf1 Qc5 23. Nb3 Qe7 24. Be3 c5 25. Qd3 Be4 26. Qe2 Bxb1 27. Rxb1 Rd8 28. Rd1 Rxd1+ 29. Qxd1 f5 30. g3 h6 31. Qf3 Qe6 0-1

[Event "SVK-chT"]
[Site "Slovakia"]
[Date "1994.??.??"]
[Round "12"]
[White "Safyanovsky, Mark"]
[Black "Okos, Alexander"]
[Result "1/2-1/2"]
[WhiteElo "2285"]
[BlackElo "2035"]
[PlyCount "35"]
[EventDate "1994.??.??"]
[EventType "team"]
[EventRounds "13"]
[EventCountry "SVK"]
[SourceTitle "TD"]
[Source "ChessBase"]
[SourceDate "1994.03.01"]
[SourceVersion "1"]
[SourceVersionDate "1994.03.01"]
[SourceQuality "1"]

1. e4 d6 2. d4 Nf6 3. Nc3 e5 4. Nf3 Nbd7 5. Be2 Be7 6. 0-0 c6 7. a4 a5 8. b3 0-0 9. Ba3 Ne8 10. Qd2 Nc7 11. Rfd1 Ne6 12. d5 Nec5 13. Bc4 h6 14. Qe2 Qb6 15. h3 Rd8 16. Qe3 Qc7 17. Kh1 Na6 18. Be2 1/2-1/2